Coping with Europe <the> impact of british and german administrations on the implementation of EU environmental policy

Saved in:
Bibliographic Details
Main Author: Knill, Christoph
Other Authors: Lenschow, Andrea
Format: Book
Language:English
Published: San Domenico (FI) European University Institute/Robert Schuman Centre 1997
Series:EUI Working paper RSC No. 97/57
Subjects:
Tags: Add Tag
No Tags, Be the first to tag this record!

MARC

LEADER 00000nam a2200000 4500
001 c134613
005 20221124073209.6
041 0 |a eng 
044 |a IT 
245 1 0 |a Coping with Europe  |b <the> impact of british and german administrations on the implementation of EU environmental policy  |c Christoph Knill and Andrea Lenschow 
264 1 |a San Domenico (FI)  |b European University Institute/Robert Schuman Centre  |c 1997 
300 |a 38 s. 
490 1 |a EUI Working paper RSC  |v No. 97/57 
830 0 |a EUI Working paper RSC  |v No. 97/57 
610 2 0 |a politika environmentálna 
610 2 0 |a legislatíva 
610 2 0 |a administratíva 
610 2 0 |a dohody medzinárodné 
610 2 0 |a integrácia ekonomická medzinárodná 
610 2 0 |a Európska únia 
610 2 0 |a Veľká Británia 
610 2 0 |a Nemecko 
100 1 |a Knill, Christoph 
700 1 |a Lenschow, Andrea